000 00636nam a2200229 a 4500
999 _c4455
_d4455
003 BD-JhCC
005 20171127184210.0
008 171127r19531966enka|||| |||| 001 0 eng d
035 _a(BD-JhCC)
040 _aBD-JhCC
_dBD-JhCC
041 _aeng
082 _a910
_bSTE 1966
100 _aStembridge, Jasper H.
245 _aThe World :
_bA General Regional Geography /
_cJasper H. Stembridge,.
250 _a2nd Edi.
260 _aLondon :
_bOxford University Press,
_c1953 [Reprinted 1966]
300 _axii, 530 p. :
_billus.,
_c18 cm.
500 _aIncludes Index.
650 _aGeography
942 _2ddc
_cBK